[Event "COL Subzt 2.3.4"]
[Site "Risarald"]
[Date "2021.11.26"]
[Round "6"]
[White "Cuartas Lozano, Santiago"]
[Black "Rivera, Luis Enrique"]
[Result "1/2-1/2"]
[WhiteElo "1429"]
[BlackElo "1761"]
[PlyCount "61"]
[EventDate "2021.11.23"]
[EventType "swiss"]
[EventRounds "9"]
[EventCountry "COL"]
[SourceTitle "CBM 205 Extra"]
[Source "ChessBase"]
[SourceDate "2022.01.31"]
[SourceVersion "1"]
[SourceVersionDate "2022.01.31"]
[SourceQuality "1"]

1. e4 c5 2. Nc3 Nc6 3. Bb5 d6 4. Bxc6+ bxc6 5. f4 g6 6. Nf3 Bg7 7. 0-0 Nh6 8. d3 Rb8 9. Qe1 d5 10. b3 Bg4 11. h3 Bxf3 12. Rxf3 dxe4 13. dxe4 0-0 14. Bb2 c4 15. Rd1 Qa5 16. Na4 Qxe1+ 17. Rxe1 Rfd8 18. Bxg7 Kxg7 19. Rc3 Rd4 20. Nb2 cxb3 21. axb3 Rb6 22. Rd3 Rxd3 23. Nxd3 Ra6 24. Kf2 Ra2 25. Re2 a5 26. c4 Ra1 27. Nc5 Ng8 28. Rc2 Nf6 29. e5 Ne8 30. Ke2 Nc7 31. Kd3 1/2-1/2

[Event "COL Subzt 2.3.4"]
[Site "Risarald"]
[Date "2021.11.26"]
[Round "7"]
[White "Martinez Nanez, Santiago"]
[Black "Rivera, Luis Enrique"]
[Result "1-0"]
[WhiteElo "1394"]
[BlackElo "1761"]
[PlyCount "119"]
[EventDate "2021.11.23"]
[EventType "swiss"]
[EventRounds "9"]
[EventCountry "COL"]
[SourceTitle "CBM 205 Extra"]
[Source "ChessBase"]
[SourceDate "2022.01.31"]
[SourceVersion "1"]
[SourceVersionDate "2022.01.31"]
[SourceQuality "1"]

1. e4 c5 2. Nf3 e6 3. d4 cxd4 4. Nxd4 a6 5. Bd3 Nc6 6. Nxc6 dxc6 7. 0-0 e5 8. Qe2 Nf6 9. Nd2 Bg4 10. Nf3 Be7 11. h3 Bxf3 12. Qxf3 0-0 13. Qg3 Qc7 14. f4 Nh5 15. Qg4 Nxf4 16. Bxf4 exf4 17. Qxf4 Bd6 18. Qh4 Be5 19. Rab1 b5 20. b3 Rae8 21. c4 Re6 22. Kh1 Rh6 23. Qg4 Rg6 24. Qh5 Rg3 25. Rf3 g6 26. Rxg3 Bxg3 27. Qf3 Be5 28. Rc1 Qd6 29. Rd1 Qa3 30. Qe2 Rd8 31. Bb1 Rxd1+ 32. Qxd1 Qb2 33. cxb5 axb5 34. Qc2 Qa1 35. g4 c5 36. Kg2 Qd4 37. Qd3 Qb4 38. Kf2 Kg7 39. Ke2 Qa3 40. Kf3 Qb4 41. Ke2 Bd4 42. Qd2 Qa3 43. h4 Qb2 44. Qxb2 Bxb2 45. Bd3 b4 46. Kf3 Kf6 47. g5+ Kg7 48. Kg4 f6 49. gxf6+ Kxf6 50. h5 g5 51. e5+ Bxe5 52. Bxh7 Bf4 53. h6 Ke5 54. Bd3 Kd4 55. h7 Be5 56. Bg6 Kc3 57. Kxg5 Kb2 58. Bf7 Kc3 59. Bc4 Kd4 60. Kg6 1-0

[Event "COL Subzt 2.3.4"]
[Site "Risarald"]
[Date "2021.11.25"]
[Round "4"]
[White "Molina Soto, Yefferson"]
[Black "Rivera, Luis Enrique"]
[Result "1-0"]
[WhiteElo "1534"]
[BlackElo "1761"]
[PlyCount "101"]
[EventDate "2021.11.23"]
[EventType "swiss"]
[EventRounds "9"]
[EventCountry "COL"]
[SourceTitle "CBM 205 Extra"]
[Source "ChessBase"]
[SourceDate "2022.01.31"]
[SourceVersion "1"]
[SourceVersionDate "2022.01.31"]
[SourceQuality "1"]

1. e4 c5 2. Nf3 e6 3. d4 cxd4 4. Nxd4 a6 5. a3 Nf6 6. Nc3 Qc7 7. Be2 b5 8. 0-0 b4 9. axb4 Bxb4 10. Qd3 Bb7 11. f3 Nc6 12. Be3 Ne5 13. Qd2 Nc4 14. Bxc4 Qxc4 15. Qd3 Qc7 16. Nce2 0-0 17. c3 Be7 18. Rfd1 d5 19. exd5 Nxd5 20. Bf2 Rfd8 21. Qc2 Rac8 22. Qa4 Bg5 23. Nc2 Qe5 24. Ng3 Bf4 25. Re1 Qc7 26. Nb4 Nxb4 27. Qxb4 Rd2 28. Nf1 Bd6 29. Qb3 Bd5 30. Qa4 Rxb2 31. Qxa6 Bc5 32. Bd4 Bxd4+ 33. cxd4 Qc3 34. Re3 Qc7 35. Ree1 Bc4 36. Qa3 Qb6 37. Qe3 Bxf1 38. Rxf1 h5 39. Rac1 Rd8 40. Rc5 g6 41. Kh1 Rb1 42. Rxb1 Qxb1+ 43. Rc1 Qb2 44. Rd1 h4 45. h3 Rd5 46. f4 Qc2 47. Rc1 Qa4 48. Qf2 Qxd4 49. Qxh4 g5 50. Rc8+ Rd8 51. Qxg5+ 1-0

[Event "Cucuta Unicentro Cup"]
[Site "Cucuta"]
[Date "2021.09.18"]
[Round "5"]
[White "Rivera, Luis Enrique"]
[Black "Ojeda, Jesus David"]
[Result "0-1"]
[WhiteElo "1685"]
[BlackElo "2064"]
[PlyCount "46"]
[EventDate "2021.09.18"]
[EventType "swiss"]
[EventRounds "7"]
[EventCountry "COL"]
[SourceTitle "EXT 2023"]
[Source "ChessBase"]
[SourceDate "2022.10.05"]
[SourceVersion "1"]
[SourceVersionDate "2022.10.05"]
[SourceQuality "1"]

1. d4 Nf6 2. Bg5 Ne4 3. Bf4 d5 4. e3 e6 5. Bd3 c5 6. Bxe4 dxe4 7. c3 Nc6 8. Nd2 cxd4 9. exd4 Qd5 10. Qc2 f5 11. f3 exf3 12. Ngxf3 Be7 13. 0-0 0-0 14. Ne5 Nxe5 15. Bxe5 Bd7 16. c4 Qc6 17. Qd3 Rac8 18. Qg3 g6 19. b3 Qb6 20. Nf3 Qd8 21. Rad1 Bc6 22. Rfe1 Be4 23. Re2 a5 0-1

[Event "COL pre olympic sf2"]
[Site "Palmira"]
[Date "2019.06.02"]
[Round "9"]
[White "Orozco Giraldo, Jhon Edison"]
[Black "Rivera, Luis Enrique"]
[Result "1/2-1/2"]
[WhiteElo "1627"]
[BlackElo "1747"]
[PlyCount "67"]
[EventDate "2019.05.29"]
[EventType "swiss"]
[EventRounds "10"]
[EventCountry "COL"]
[SourceTitle "CBM 190 Extra"]
[Source "ChessBase"]
[SourceDate "2019.07.15"]
[SourceVersion "1"]
[SourceVersionDate "2019.07.15"]
[SourceQuality "1"]

1. d4 Nf6 2. c4 e6 3. Nc3 Bb4 4. Qc2 c5 5. Nf3 cxd4 6. Nxd4 Nc6 7. e3 Qb6 8. Nf3 d5 9. a3 Bxc3+ 10. Qxc3 dxc4 11. Bxc4 Bd7 12. b4 Rc8 13. 0-0 Ne7 14. Qb3 Qc7 15. Be2 Qc2 16. Qxc2 Rxc2 17. Bd1 Rc7 18. Bb2 Ng6 19. Bb3 0-0 20. Rac1 Rfc8 21. Rfd1 Rxc1 22. Rxc1 Rxc1+ 23. Bxc1 Bc6 24. Nd4 Bd5 25. Bxd5 Nxd5 26. Bb2 a6 27. g3 Nf8 28. Nb3 Nd7 29. Kg2 Kf8 30. Kf3 f6 31. e4 N5b6 32. Na5 Na4 33. Bc1 b5 34. Ke3 1/2-1/2

[Event "COL pre olympic sf2"]
[Site "Palmira"]
[Date "2019.05.30"]
[Round "3"]
[White "Chirivi Castiblanco, Angie Lizeth"]
[Black "Rivera, Luis Enrique"]
[Result "1/2-1/2"]
[WhiteElo "2074"]
[BlackElo "1747"]
[PlyCount "52"]
[EventDate "2019.05.29"]
[EventType "swiss"]
[EventRounds "10"]
[EventCountry "COL"]
[SourceTitle "CBM 190 Extra"]
[Source "ChessBase"]
[SourceDate "2019.07.15"]
[SourceVersion "1"]
[SourceVersionDate "2019.07.15"]
[SourceQuality "1"]

1. Nf3 c5 2. g3 Nf6 3. Bg2 g6 4. d4 cxd4 5. Nxd4 Bg7 6. c4 Nc6 7. Nc3 0-0 8. 0-0 Nxd4 9. Qxd4 d6 10. Rd1 Ng4 11. Qd3 Qb6 12. e3 Ne5 13. Qe2 Bg4 14. f3 Be6 15. Nd5 Bxd5 16. cxd5 Rac8 17. Rb1 Rc7 18. b3 Rfc8 19. Bd2 Bh6 20. f4 Nd7 21. Rdc1 Rc2 22. Be4 Rxc1+ 23. Rxc1 Rxc1+ 24. Bxc1 Qb4 25. Bg2 Bg7 26. Kf2 Nc5 1/2-1/2

[Event "COL-ch sf1"]
[Site "Medellin"]
[Date "2019.04.20"]
[Round "8"]
[White "Quintero Jara, Ana Sofia"]
[Black "Rivera, Luis Enrique"]
[Result "0-1"]
[WhiteElo "1326"]
[BlackElo "1803"]
[PlyCount "34"]
[EventDate "2019.04.16"]
[EventType "swiss"]
[EventRounds "10"]
[EventCountry "COL"]
[SourceTitle "CBM 190 Extra"]
[Source "ChessBase"]
[SourceDate "2019.07.15"]
[SourceVersion "1"]
[SourceVersionDate "2019.07.15"]
[SourceQuality "1"]

1. e4 c5 2. Nf3 a6 3. d4 cxd4 4. Nxd4 Nf6 5. Nc3 e6 6. a3 Qc7 7. Be3 b5 8. Bd3 Nc6 9. Nxc6 dxc6 10. 0-0 c5 11. Re1 Bb7 12. f3 Rd8 13. Qc1 Bd6 14. g3 h5 15. Bg5 h4 16. Bxh4 Rxh4 17. gxh4 Bxh2+ 0-1

[Event "COL-ch sf1"]
[Site "Medellin"]
[Date "2019.04.19"]
[Round "7"]
[White "Rivera, Luis Enrique"]
[Black "Ramirez, Mariana"]
[Result "0-1"]
[WhiteElo "1803"]
[BlackElo "1572"]
[PlyCount "84"]
[EventDate "2019.04.16"]
[EventType "swiss"]
[EventRounds "10"]
[EventCountry "COL"]
[SourceTitle "CBM 190 Extra"]
[Source "ChessBase"]
[SourceDate "2019.07.15"]
[SourceVersion "1"]
[SourceVersionDate "2019.07.15"]
[SourceQuality "1"]

1. d4 Nf6 2. Nf3 e6 3. Bg5 d5 4. e3 Be7 5. Bd3 c5 6. c3 Qb6 7. Qc2 h6 8. Bh4 Nbd7 9. Nbd2 Qd8 10. 0-0 0-0 11. Ne5 Nxe5 12. dxe5 Nd7 13. Bg3 b6 14. c4 Bb7 15. Rad1 Bh4 16. Nf3 Bxg3 17. hxg3 Qc7 18. Qc3 dxc4 19. Bxc4 Bxf3 20. gxf3 Nxe5 21. Be2 Rfd8 22. f4 Nc6 23. Bf3 Rac8 24. Kg2 Nb4 25. a3 Nd5 26. Qc2 b5 27. f5 Qe7 28. fxe6 fxe6 29. Qe2 c4 30. Rd4 Nf6 31. Rfd1 e5 32. Rxd8+ Rxd8 33. Bc6 Rc8 34. Qf3 e4 35. Bd5+ Nxd5 36. Qf5 Nb6 37. Qxb5 Qf7 38. Rd4 Rf8 39. Rd2 Qf3+ 40. Kg1 Rf5 41. Qe8+ Kh7 42. g4 Qxg4+ 0-1

[Event "COL-ch sf1"]
[Site "Medellin"]
[Date "2019.04.17"]
[Round "2"]
[White "Hoyos Mesa, Manuel Felipe"]
[Black "Rivera, Luis Enrique"]
[Result "1-0"]
[WhiteElo "1467"]
[BlackElo "1803"]
[PlyCount "65"]
[EventDate "2019.04.16"]
[EventType "swiss"]
[EventRounds "10"]
[EventCountry "COL"]
[SourceTitle "CBM 190 Extra"]
[Source "ChessBase"]
[SourceDate "2019.07.15"]
[SourceVersion "1"]
[SourceVersionDate "2019.07.15"]
[SourceQuality "1"]

1. e4 c5 2. Nf3 e6 3. Be2 Nc6 4. d4 cxd4 5. Nxd4 Nf6 6. f3 Bc5 7. Nb3 Bb6 8. Nc3 a6 9. Bg5 h6 10. Bh4 Be3 11. Qd6 Qb6 12. e5 Nd5 13. Nxd5 exd5 14. a3 g5 15. Bg3 d4 16. Qf6 Rf8 17. Bc4 h5 18. h4 g4 19. fxg4 d5 20. exd6 Bxg4 21. Rf1 Kd7 22. Qg7 Na5 23. Rxf7+ Rxf7 24. Qxf7+ Kc6 25. Bd5+ Kb5 26. Qf1+ Ka4 27. Nc5+ Qxc5 28. b3+ Nxb3 29. cxb3+ Ka5 30. b4+ Ka4 31. bxc5 Re8 32. Qc4+ Ka5 33. Qb4# 1-0

[Event "COL-ch sf1"]
[Site "Medellin"]
[Date "2019.04.17"]
[Round "3"]
[White "Rivera, Luis Enrique"]
[Black "Negron Lizarazo, Juan Sebastian"]
[Result "1-0"]
[WhiteElo "1803"]
[BlackElo "1333"]
[PlyCount "27"]
[EventDate "2019.04.16"]
[EventType "swiss"]
[EventRounds "10"]
[EventCountry "COL"]
[SourceTitle "CBM 190 Extra"]
[Source "ChessBase"]
[SourceDate "2019.07.15"]
[SourceVersion "1"]
[SourceVersionDate "2019.07.15"]
[SourceQuality "1"]

1. d4 c5 2. c3 Nf6 3. Nf3 e6 4. Bg5 d5 5. e3 Bd6 6. Nbd2 Bd7 7. Bd3 Nc6 8. 0-0 0-0 9. Re1 h6 10. Bh4 Rc8 11. e4 dxe4 12. Nxe4 Be7 13. Bxf6 Bxf6 14. Nxc5 1-0

[Event "COL-ch"]
[Site "Bogota"]
[Date "2018.11.09"]
[Round "5"]
[White "Rivera, Luis Enrique"]
[Black "Lopez Ramirez, Jorge Hernan"]
[Result "0-1"]
[WhiteElo "1756"]
[BlackElo "1968"]
[PlyCount "62"]
[EventDate "2018.11.06"]
[EventType "swiss"]
[EventRounds "9"]
[EventCountry "COL"]
[SourceTitle "CBM 187 Extra"]
[Source "ChessBase"]
[SourceDate "2018.11.04"]
[SourceVersion "1"]
[SourceVersionDate "2018.11.04"]
[SourceQuality "1"]

1. d4 Nf6 2. Bg5 c5 3. Bxf6 exf6 4. d5 d6 5. e3 g6 6. g3 Bg7 7. Ne2 Bg4 8. h3 Bf3 9. Rg1 Nd7 10. Qd2 Ne5 11. Nf4 0-0 12. Be2 Qd7 13. g4 b5 14. Na3 c4 15. Rg3 Bxe2 16. Nxe2 f5 17. f4 Nxg4 18. hxg4 Bxb2 19. Rb1 Bxa3 20. gxf5 Qxf5 21. e4 Qxe4 22. Rxb5 Bc5 23. Rxc5 dxc5 24. Re3 Qh1+ 25. Kf2 Qh2+ 26. Kf3 Rfe8 27. d6 Rxe3+ 28. Qxe3 Qh3+ 29. Kf2 Qd7 30. Qe7 Qe6 31. Qxe6 fxe6 0-1

[Event "COL-ch"]
[Site "Bogota"]
[Date "2018.11.06"]
[Round "1"]
[White "Rivera, Luis Enrique"]
[Black "Nunez V, Gustavo Eduardo"]
[Result "0-1"]
[WhiteElo "1756"]
[BlackElo "2152"]
[PlyCount "92"]
[EventDate "2018.11.06"]
[EventType "swiss"]
[EventRounds "9"]
[EventCountry "COL"]
[SourceTitle "CBM 187 Extra"]
[Source "ChessBase"]
[SourceDate "2018.11.04"]
[SourceVersion "1"]
[SourceVersionDate "2018.11.04"]
[SourceQuality "1"]

1. d4 Nf6 2. Bg5 g6 3. f3 Bg7 4. e4 d6 5. Bc4 c5 6. c3 0-0 7. Ne2 Nc6 8. 0-0 cxd4 9. cxd4 d5 10. exd5 Nxd5 11. Nbc3 Be6 12. Bxd5 Bxd5 13. Kh1 Bc4 14. Re1 Qa5 15. Qd2 Rfd8 16. Rad1 Bxd4 17. Nxd4 Rxd4 18. Qc1 Rxd1 19. Rxd1 Rd8 20. Rxd8+ Qxd8 21. b3 Be6 22. Qd1 Qxd1+ 23. Nxd1 f6 24. Be3 Bd5 25. Nc3 e6 26. Kg1 Kf7 27. Nb5 b6 28. Kf2 Ke7 29. Ke1 Kd7 30. Kd2 e5 31. Kc3 g5 32. Na3 g4 33. fxg4 Bxg2 34. Nc4 Bh3 35. g5 f5 36. b4 b5 37. Na5 Nxa5 38. bxa5 a6 39. Bc5 Kc6 40. Be7 Kd5 41. Kd3 f4 42. a3 e4+ 43. Ke2 Bg4+ 44. Kf2 e3+ 45. Kg2 f3+ 46. Kg3 f2 0-1

[Event "Pan American-ch Seniors 50"]
[Site "Neiva"]
[Date "2017.10.11"]
[Round "2"]
[White "Puentes, Alvaro"]
[Black "Rivera, Luis Enrique"]
[Result "1-0"]
[WhiteElo "2123"]
[BlackElo "1811"]
[PlyCount "41"]
[EventDate "2017.10.11"]
[EventType "swiss"]
[EventRounds "9"]
[EventCountry "COL"]
[SourceTitle "CBM 181 Extra"]
[Source "ChessBase"]
[SourceDate "2017.12.12"]
[SourceVersion "1"]
[SourceVersionDate "2017.12.12"]
[SourceQuality "1"]

1. e4 d6 2. d4 c6 3. Nf3 Nf6 4. Nc3 Nbd7 5. Bg5 Qa5 6. Bd3 e5 7. Bd2 exd4 8. Nxd4 Qb6 9. Nb3 Ne5 10. Be2 Be7 11. 0-0 Be6 12. Be3 Qc7 13. Nd4 Bd7 14. Kh1 0-0 15. f4 Neg4 16. Bg1 b5 17. a3 a5 18. Bf3 b4 19. Nce2 d5 20. e5 Ne4 21. e6 1-0

[Event "American Continental 13th"]
[Site "Medellin"]
[Date "2017.06.11"]
[Round "2"]
[White "Rivera, Luis Enrique"]
[Black "Soto, Christian Camilo"]
[Result "0-1"]
[WhiteElo "1885"]
[BlackElo "2102"]
[PlyCount "118"]
[EventDate "2017.06.10"]
[EventType "swiss"]
[EventRounds "11"]
[EventCountry "COL"]
[SourceTitle "CBM 178 Extra"]
[Source "ChessBase"]
[SourceDate "2017.06.22"]
[SourceVersion "1"]
[SourceVersionDate "2017.06.22"]
[SourceQuality "1"]

1. d4 Nf6 2. Bg5 Ne4 3. Bh4 g5 4. f3 gxh4 5. fxe4 d5 6. exd5 Qxd5 7. Nc3 Qa5 8. Qd3 a6 9. 0-0-0 Nc6 10. Nf3 Bg7 11. Kb1 Nb4 12. Qc4 Be6 13. d5 0-0-0 14. e4 Bxc3 15. bxc3 Nxd5 16. exd5 Bxd5 17. Rxd5 Rxd5 18. Bd3 Kb8 19. Re1 e6 20. Qb4 Qxb4+ 21. cxb4 Rg8 22. Bf1 Rg4 23. c4 Rd6 24. h3 Rf4 25. Kc2 b6 26. Bd3 f6 27. Re4 Rxe4 28. Bxe4 Rd7 29. Kc3 c5 30. bxc5 bxc5 31. Nd2 Kc7 32. Nb3 Kd6 33. Kd3 f5 34. Bf3 e5 35. Bd5 Rg7 36. Ke2 e4 37. Kf2 Rg3 38. Na5 Ke5 39. Nb3 Rc3 40. Nxc5 Rc2+ 41. Kf1 Kd4 42. Nb3+ Ke3 43. c5 f4 44. c6 f3 45. gxf3 exf3 46. Ke1 f2+ 47. Kf1 Re2 48. Bc4 Re1+ 49. Kg2 Rg1+ 50. Kh2 f1Q 51. Bxf1 Rxf1 52. Nc5 Rc1 53. Nxa6 Rxc6 54. Nb4 Rd6 55. Kg2 Rd2+ 56. Kg1 Kf3 57. a3 Kg3 58. Kf1 Kxh3 59. Nc6 Ra2 0-1

[Event "Uni De Paula Santander op 2nd"]
[Site "Ocana"]
[Date "2016.09.24"]
[Round "3"]
[White "Rivera, Luis Enrique"]
[Black "Campos Gomez, Manuel"]
[Result "1-0"]
[WhiteElo "1840"]
[BlackElo "1520"]
[PlyCount "45"]
[EventDate "2016.09.23"]
[EventType "swiss"]
[EventRounds "7"]
[EventCountry "COL"]
[SourceTitle "EXT 2018"]
[Source "ChessBase"]
[SourceDate "2017.10.13"]
[SourceVersion "1"]
[SourceVersionDate "2017.10.13"]
[SourceQuality "1"]

1. d4 d5 2. Nf3 Nf6 3. c4 e6 4. Nc3 c6 5. Bg5 Be7 6. e3 Nbd7 7. Bd3 dxc4 8. Bxc4 b5 9. Bd3 0-0 10. 0-0 a6 11. Rc1 Bb7 12. Qe2 c5 13. dxc5 Nxc5 14. Bb1 Qb6 15. Bxf6 Bxf6 16. Qc2 g6 17. b4 Nd7 18. Ne4 Rac8 19. Qe2 Bg7 20. g4 Rc7 21. h4 Rfc8 22. Rxc7 Qxc7 23. Rd1 1-0

[Event "Uni De Paula Santander op 2nd"]
[Site "Ocana"]
[Date "2016.09.23"]
[Round "2"]
[White "Palencia Morales, Wilson Guillermo"]
[Black "Rivera, Luis Enrique"]
[Result "1-0"]
[WhiteElo "2378"]
[BlackElo "1840"]
[PlyCount "115"]
[EventDate "2016.09.23"]
[EventType "swiss"]
[EventRounds "7"]
[EventCountry "COL"]
[SourceTitle "EXT 2018"]
[Source "ChessBase"]
[SourceDate "2017.10.13"]
[SourceVersion "1"]
[SourceVersionDate "2017.10.13"]
[SourceQuality "1"]

1. e4 c5 2. Nf3 d6 3. d4 cxd4 4. Nxd4 Nf6 5. Nc3 a6 6. Bg5 e6 7. Qf3 Nbd7 8. 0-0-0 Qa5 9. h4 h6 10. Nb3 Qc7 11. Bf4 Ne5 12. Qe3 b5 13. Qd4 Bb7 14. f3 Rc8 15. Be2 Nfd7 16. Kb1 Nb6 17. Na5 Nbc4 18. Bxc4 Qxa5 19. Bb3 Nc4 20. Qa7 Qc7 21. Bxc4 bxc4 22. Na4 e5 23. Be3 Be7 24. Nb6 0-0 25. Nxc8 Rxc8 26. Qb6 Qb8 27. Bd2 Rc5 28. Bb4 Rc6 29. Qe3 Bc8 30. Bc3 Bd8 31. Bxe5 Be6 32. Bc3 Bb6 33. Qf4 Bc7 34. Qg3 g6 35. Qf4 Kh7 36. Qf6 Qg8 37. h5 g5 38. Rd5 Bd8 39. Qd4 Bb6 40. Qd2 Bxd5 41. Qxd5 Rc5 42. Qxd6 Qd8 43. Rd1 Rc8 44. Qxd8 Rxd8 45. Rxd8 Bxd8 46. b3 cxb3 47. cxb3 f6 48. Kc2 Kg8 49. Kd3 Kf7 50. Kc4 Bb6 51. Kd5 Ke7 52. b4 Be3 53. a4 Bf2 54. g4 Be3 55. e5 fxe5 56. Bxe5 Kf7 57. b5 axb5 58. axb5 1-0

[Event "Ocana op 1st"]
[Site "Ocana"]
[Date "2015.09.27"]
[Round "7"]
[White "Rivera, Luis Enrique"]
[Black "Pertuz Mercado, Manuel Jose"]
[Result "1-0"]
[WhiteElo "1600"]
[BlackElo "1889"]
[PlyCount "57"]
[EventDate "2015.09.25"]
[EventType "swiss"]
[EventRounds "7"]
[EventCountry "COL"]
[SourceTitle "EXT 2016"]
[Source "ChessBase"]
[SourceDate "2015.10.08"]
[SourceVersion "1"]
[SourceVersionDate "2015.10.08"]
[SourceQuality "1"]

1. Nf3 d5 2. d4 c5 3. c3 Bf5 4. Qb3 Bc8 5. Bf4 c4 6. Qc2 e6 7. Nbd2 Bd6 8. Bg5 f6 9. Bh4 Ne7 10. e4 Ng6 11. Bg3 Qc7 12. Bxd6 Qxd6 13. g3 Bd7 14. Bg2 Nc6 15. 0-0 0-0 16. Rfe1 b5 17. b3 a5 18. bxc4 bxc4 19. Rab1 Rab8 20. Nf1 Nce7 21. exd5 exd5 22. Ne3 f5 23. Rxb8 Rxb8 24. Qd2 f4 25. Nf1 fxg3 26. hxg3 Bf5 27. Ne5 Nxe5 28. Rxe5 Bd3 29. Qg5 1-0

[Event "Ocana op 1st"]
[Site "Ocana"]
[Date "2015.09.26"]
[Round "4"]
[White "Velez Rueda, Juan Diego"]
[Black "Rivera, Luis Enrique"]
[Result "1-0"]
[WhiteElo "1794"]
[BlackElo "1600"]
[PlyCount "73"]
[EventDate "2015.09.25"]
[EventType "swiss"]
[EventRounds "7"]
[EventCountry "COL"]
[SourceTitle "EXT 2016"]
[Source "ChessBase"]
[SourceDate "2015.10.08"]
[SourceVersion "1"]
[SourceVersionDate "2015.10.08"]
[SourceQuality "1"]

1. d4 d6 2. c4 g6 3. Nc3 Bg7 4. e4 Nd7 5. Be3 e6 6. Nf3 Ne7 7. Be2 0-0 8. Qd2 Re8 9. 0-0 c5 10. Rfd1 a6 11. dxc5 dxc5 12. Bxc5 Qc7 13. Bd4 Bf8 14. Rac1 Nc6 15. Be3 Nce5 16. Nxe5 Nxe5 17. f4 Nd7 18. e5 f6 19. exf6 Nxf6 20. Bd4 Rd8 21. Qe3 Rxd4 22. Rxd4 Bc5 23. Rcd1 Bd7 24. Kf1 Bxd4 25. Qxd4 Kf7 26. Qe5 Rc8 27. b4 b5 28. Qxc7 Rxc7 29. c5 Bc6 30. Kf2 Re7 31. Rd6 Rc7 32. Bf3 Bxf3 33. Kxf3 a5 34. Nxb5 Rb7 35. c6 Rxb5 36. c7 Ke7 37. Rc6 1-0

[Event "Ocana op 1st"]
[Site "Ocana"]
[Date "2015.09.25"]
[Round "2"]
[White "Alvarez, Alfonso"]
[Black "Rivera, Luis Enrique"]
[Result "0-1"]
[WhiteElo "1955"]
[BlackElo "1600"]
[PlyCount "56"]
[EventDate "2015.09.25"]
[EventType "swiss"]
[EventRounds "7"]
[EventCountry "COL"]
[SourceTitle "EXT 2016"]
[Source "ChessBase"]
[SourceDate "2015.10.08"]
[SourceVersion "1"]
[SourceVersionDate "2015.10.08"]
[SourceQuality "1"]

1. c4 c6 2. Nf3 Nf6 3. e4 d6 4. h3 g6 5. d3 Bg7 6. Be2 0-0 7. 0-0 a6 8. Be3 Re8 9. e5 dxe5 10. Qc1 Qc7 11. Bh6 Bh8 12. Qe3 Nbd7 13. Nbd2 b5 14. Rab1 Bb7 15. Rfe1 c5 16. Bd1 Nh5 17. g4 Ng7 18. Ne4 Ne6 19. a4 Nd4 20. b3 Rac8 21. h4 e6 22. Nfg5 Bg7 23. Bxg7 Kxg7 24. Ng3 b4 25. Rc1 Qc6 26. f3 f6 27. N5e4 f5 28. Nf2 f4 0-1